La culta poetiparla / (Registro nro. 6490)
[ vista simple ]
| 000 -LEADER | |
|---|---|
| fixed length control field | 00907nam a22002537a 4500 |
| 003 - CONTROL NUMBER IDENTIFIER | |
| control field | OSt |
| 005 - DATE AND TIME OF LATEST TRANSACTION | |
| control field | 20250702124957.0 |
| 008 - FIXED-LENGTH DATA ELEMENTS--GENERAL INFORMATION | |
| fixed length control field | 200211s1996 ck ||||gr|||| 001 p spa d |
| 040 ## - CATALOGING SOURCE | |
| Original cataloging agency | CO-JMCR |
| Transcribing agency | CO-JMCR |
| 041 0# - LANGUAGE CODE | |
| Language code of text/sound track or separate title | spa |
| 082 ## - DEWEY DECIMAL CLASSIFICATION NUMBER | |
| Classification number | A-P |
| Item number | VEGc |
| 100 1# - MAIN ENTRY--PERSONAL NAME | |
| Personal name | Vega Vélez, Carlos Mario, |
| Relator term | autor |
| 9 (RLIN) | 437 |
| 245 13 - TITLE STATEMENT | |
| Title | La culta poetiparla / |
| Statement of responsibility, etc. | Carlos Mario Vega Vélez |
| 250 ## - EDITION STATEMENT | |
| Edition statement | Primera edición |
| 260 ## - PUBLICATION, DISTRIBUTION, ETC. | |
| Place of publication, distribution, etc. | Bogotá : |
| Name of publisher, distributor, etc. | Coomeva, |
| Date of publication, distribution, etc. | 1996 |
| 300 ## - PHYSICAL DESCRIPTION | |
| Extent | 324 páginas ; |
| Dimensions | 21 cm. |
| 500 ## - GENERAL NOTE | |
| General note | Conversación entre Quevedo, Lope de Vega y León de Greiff |
| 500 ## - GENERAL NOTE | |
| General note | Incluye índice de sonetos y anexos: Lexicón de la poetiparla y lexicón incompleto de León de Greiff |
| 650 14 - SUBJECT ADDED ENTRY--TOPICAL TERM | |
| Topical term or geographic name entry element | Poesía colombiana |
| Chronological subdivision | Siglo XX |
| 9 (RLIN) | 438 |
| 700 1# - ADDED ENTRY--PERSONAL NAME | |
| Personal name | Greiff, León de, |
| Dates associated with a name | 1895-1976 |
| 9 (RLIN) | 439 |
| 700 1# - ADDED ENTRY--PERSONAL NAME | |
| Personal name | Vega Carpio, Lope Félix de, |
| Dates associated with a name | 1562-1635 |
| 9 (RLIN) | 440 |
| 700 1# - ADDED ENTRY--PERSONAL NAME | |
| Personal name | Quevedo, Francisco de, |
| Dates associated with a name | 1580-1645 |
| 9 (RLIN) | 441 |
| 942 ## - ADDED ENTRY ELEMENTS (KOHA) | |
| Source of classification or shelving scheme | Dewey Decimal Classification |
| Koha item type | Books |
| Withdrawn status | Lost status | Source of classification or shelving scheme | Damaged status | Not for loan | Home library | Current library | Date acquired | Source of acquisition | Cost, normal purchase price | Total Checkouts | Full call number | Barcode | Date last seen | Date last checked out | Copy number | Price effective from | Koha item type |
|---|---|---|---|---|---|---|---|---|---|---|---|---|---|---|---|---|---|
| Dewey Decimal Classification | Biblioteca Pública José María del Castillo y Rada | Biblioteca Pública José María del Castillo y Rada | 02/11/2020 | Donación | 0.00 | 1 | A-P VEGc | 201809840 | 09/27/2024 | 09/25/2024 | Ej.1 | 02/11/2020 | Books |